| 000 | 00928nam a22002537a 4500 | ||
|---|---|---|---|
| 001 | 48303 | ||
| 003 | BD-RjUL | ||
| 005 | 20211209054510.0 | ||
| 008 | 160813s1981 ii ||||| |||| 00| 0 ben d | ||
| 020 | _c: IRs 7.25 | ||
| 035 | _a(BD-RjUL)48422 | ||
| 040 |
_aBD-RjUL _bben _cBD-RjUL |
||
| 041 | _aben | ||
| 082 |
_223 _a891.442 _bDAB 1981 |
||
| 100 |
_aদাস, মনোরঞ্জন _9146247 |
||
| 245 | 1 | 0 |
_aবনহংসী ও শ্বেতপদ্মা / _cমনোরঞ্জন দাস |
| 260 |
_aকলিকাতা : _bন্যাশনাল বুক, _c১৯৮১ |
||
| 300 |
_a১২২ পৃ. ; _c১৯ সেমি. |
||
| 650 |
_aবাংলা নাটক _9146248 |
||
| 650 |
_aBengali Drama _9146249 |
||
| 700 |
_aকর, প্রাণবন্ধু, _9146250 |
||
| 700 |
_aপালিত, অরবিন্দ, সম্পাদক _9146251 |
||
| 942 |
_2ddc _cBK |
||
| 999 |
_c48303 _d48303 |
||